000 00371nam a22001697a 4500
005 20160624120142.0
008 160624b xxu||||| |||| 00| 0 eng d
020 _a978-0-07-007793-5
041 _aeng
082 _b9515
100 _aChandra, Prasanna
_91156
245 _aProjects
260 _bTMH
300 _a23.22
650 _aManagement
_9241
942 _cBK
999 _c3812
_d3811